Μεγάλα έργα υποδομής μεταφορών και οι χωρικές επιπτώσεις τους : η περίπτωση της Εγνατίας Οδού : πτυχιακή εργασία

Αποθηκεύτηκε σε:
Λεπτομέρειες βιβλιογραφικής εγγραφής
Κύριος συγγραφέας: Γκινάτη, Ευδοξία
Συγγραφή απο Οργανισμό/Αρχή: Πανεπιστήμιο Αιγαίου. Σχολή Κοινωνικών Επιστημών. Τμήμα Γεωγραφίας
Άλλοι συγγραφείς: Στάμου, Μαριάνθη, Μπριασούλη, Ελένη (Εισηγητής διατριβής)
Μορφή: Thesis Βιβλίο
Γλώσσα:Greek
Δημοσίευση: Μυτιλήνη : Πανεπιστήμιο Αιγαίου, Τμήμα Γεωγραφίας, 2005
Θέματα:
Διαθέσιμο Online:http://hdl.handle.net/11610/6115
Ετικέτες: Προσθήκη ετικέτας
Δεν υπάρχουν, Καταχωρήστε ετικέτα πρώτοι!

MARC

LEADER 00000cam a2200000 i 4500
001 1/20334
008 051206s2005 gre d
035 |l 10081588 
040 |a GR-MY-UA  |b gre  |e aacr 
041 0 |a gre 
082 0 |a 338.9  |2 (22) 
100 1 |a Γκινάτη, Ευδοξία. 
245 1 0 |a Μεγάλα έργα υποδομής μεταφορών και οι χωρικές επιπτώσεις τους :  |b η περίπτωση της Εγνατίας Οδού : πτυχιακή εργασία /  |c Γκινάτη Ευδοξία, Στάμου Μαριάνθη ; υπεύθυνη καθηγήτρια Μπριασούλη-Καπετανάκη Ελένη 
260 |a Μυτιλήνη :   |b Πανεπιστήμιο Αιγαίου, Τμήμα Γεωγραφίας,   |c 2005 
300 |a 121 σ.;  |b φωτ., διαγρ., χάρτες;  |c 30 εκ. 
500 |a Μέλη εξεταστικής επιτροπής: Κορρές Γεώργιος, Κουρλιούρος Ηλίας, Μπριασούλη-Καπετανάκη Ελένη 
502 |a Πτυχιακή εργασία – Πανεπιστήμιο Αιγαίου, Λέσβος, 2005. 
504 |a Βιβλιογραφία: σ. 106-110 
650 0 0 |a Transportation geography. 
650 0 0 |a Regional planning  |z Greece. 
650 0 0 |a Roads  |x Economic aspects  |z Greece. 
650 0 0 |a Public works  |z Greece. 
650 0 0 |a Infrastructure (Economics)  |z Greece. 
650 0 0 |a Dissertations, Academic  |z Greece. 
700 1 |a Στάμου, Μαριάνθη. 
700 1 |a Μπριασούλη, Ελένη.  |4 ths 
710 2 |a Πανεπιστήμιο Αιγαίου.   |b Σχολή Κοινωνικών Επιστημών.   |b Τμήμα Γεωγραφίας. 
852 |a INST  |b LESVOS  |c DIATR  |e 20051206  |h 353  |p 005100033598  |q 005100033598  |t DIE  |y 23 
852 |a INST  |b LESVOS  |c DIATR  |e 20051206  |h 354  |p 005100033597  |q 005100033597  |t DIE  |y 23 
856 |u http://hdl.handle.net/11610/6115 
901 |a BIBL1-2005-3 
909 |a Λ  |b 125350 
909 |a Λ  |b 125351 
924 |a ΓΚΙΝΑΤΗ  |b ΕΥΔΟΞΙΑ  |y ΛΕΣΒΟΣ  |z 2005-11 
924 |a ΣΤΑΜΟΥ  |b ΜΑΡΙΑΝΘΗ  |y ΛΕΣΒΟΣ  |z 2005-11 
970 |a ΜΑΡΙΝΑΤΟΥ  |b ΜΥΡΣΙΝΗ  |z 2005/12/06